000 00971nam a2200229Ia 4500
001 L232-14639
003 IT-CnALBA
008 170116s9999||||xx |||||||||||||| ||und||
040 _aIT-CnALBA
_cIT-CnALBA
041 _aITALIANO
100 _aCERIOLI P. EVARISTO, DOTT.
245 0 _aCRISTO MORENTE ALLA SOCIETÀ UMANA. VIA CRUCIS MEDITATA PER TUTTI I VENERDÌ DI QUARESIMA.
250 _a1a ed.
260 _aCINISELLO BALSAMO (MI)
_bEDIZIONI PAOLINE
_c1955 [1° Ed.:1955 - Ed.Ling.Originale: 1955]
300 _a445 p. (prefazione: 9)
500 _a6 VIA CRUCIS PER OGNI VENERDÌ DI QUARESIMA. VENERDÌ SANTO: LE SETTE PAROLE DI GESÙ IN CROCE.
501 _aSocietà San Paolo EM - Piazza San Paolo, 14 - 12051 ALBA (CN) (non commercial uses only) ® Copyright 2017
520 _a6 VIA CRUCIS PER OGNI VENERDÌ DI QUARESIMA. VENERDÌ SANTO: LE SETTE PAROLE DI GESÙ IN CROCE.
650 _aVITA E MISTERO DI CRISTO
942 _cBK
957 _71
999 _a19391
_bNO
_g Copie: 1
_c273813
_d273813